Effect of firms atrategic responses to the changing competitive business environment on the company performance : (Record no. 1751)
[ view plain ]
| 000 -LEADER | |
|---|---|
| fixed length control field | 00859nam a22002292 4500 |
| 001 - CONTROL NUMBER | |
| control field | 0000025320 |
| 005 - DATE AND TIME OF LATEST TRANSACTION | |
| control field | 20151021153130.0 |
| 008 - FIXED-LENGTH DATA ELEMENTS--GENERAL INFORMATION | |
| fixed length control field | 150618s xx 000 0 eng d |
| 040 ## - CATALOGING SOURCE | |
| Original cataloging agency | KABU |
| Transcribing agency | KABU |
| 100 1# - MAIN ENTRY--PERSONAL NAME | |
| Personal name | Onkoba, Justus J. Getoto. |
| -- | 0000185911 |
| 245 10 - TITLE STATEMENT | |
| Title | Effect of firms atrategic responses to the changing competitive business environment on the company performance : |
| Remainder of title | a case of paint manufacturing companies / |
| Statement of responsibility, etc. | by Onkoba Justus J. G. |
| 260 ## - PUBLICATION, DISTRIBUTION, ETC. (IMPRINT) | |
| Place of publication, distribution, etc. | Nakuru : |
| Name of publisher, distributor, etc. | Kabarak University, |
| Date of publication, distribution, etc. | 2014. |
| 300 ## - PHYSICAL DESCRIPTION | |
| Extent | x, 64 p. |
| 650 #0 - SUBJECT ADDED ENTRY--TOPICAL TERM | |
| Topical term or geographic name as entry element | Business. |
| -- | 0000149956 |
| 650 #0 - SUBJECT ADDED ENTRY--TOPICAL TERM | |
| Topical term or geographic name as entry element | Economic conditions. |
| -- | 0000185912 |
| 650 #0 - SUBJECT ADDED ENTRY--TOPICAL TERM | |
| Topical term or geographic name as entry element | Economic policy. |
| -- | 0000150092 |
| 700 1# - ADDED ENTRY--PERSONAL NAME | |
| Personal name | Otuya, Robert. |
| -- | 0000185913 |
| 700 1# - ADDED ENTRY--PERSONAL NAME | |
| Personal name | Ragama, philip E. |
| -- | 0000185914 |
| 908 ## - PUT COMMAND PARAMETER (RLIN) | |
| Put command parameter | 150618 |
| 950 ## - LOCAL HOLDINGS (RLIN) | |
| -- | 1 |
| Withdrawn status | Lost status | Source of classification or shelving scheme | Not for loan | Home library | Current library | Date acquired | Total Checkouts | Full call number | Barcode | Date last seen | Date last checked out | Price effective from | Koha item type |
|---|---|---|---|---|---|---|---|---|---|---|---|---|---|
| Library of Congress Classification | Kabarak, Nakuru City Campus | Kabarak, Nakuru City Campus | 21/10/2015 | 3 | HC405 .O55 2014 c. 1 | 018157 | 08/11/2018 | 08/11/2018 | 21/10/2015 | Thesis, Dissertation and Projecs |